[Event "Memorijal Danilo - Dajo Batricevic"]
[Site "Cetinje"]
[Date "2009.08.15"]
[Round "7.8"]
[White "Kadric, Denis"]
[Black "Krivokapic, Marko"]
[Result "1/2-1/2"]
[WhiteElo "2156"]
[BlackElo "2416"]
[PlyCount "69"]
[EventDate "2009.08.09"]
[EventRounds "9"]

1. e4 c5 2. Nf3 d6 3. d4 cxd4 4. Nxd4 Nf6 5. Nc3 a6 6. Rg1 e5 7. Nb3 Be6 8. g4
d5 9. exd5 Nxd5 10. Nxd5 Qxd5 11. Be3 Nc6 12. Qxd5 Bxd5 13. O-O-O O-O-O 14. Bb6
Rd7 15. g5 Be6 16. Rxd7 Kxd7 17. Bg2 Be7 18. Nc5+ Bxc5 19. Bxc5 h6 20. Rd1+ Kc8
21. g6 f6 22. Rd6 Nd8 23. Bb6 Bd7 24. c3 Re8 25. Bxd8 Rxd8 26. Rb6 Bb5 27. Re6
Rd7 28. Be4 Rc7 29. Rd6 Rc4 30. f3 Be8 31. Bf5+ Kc7 32. Re6 Kd8 33. Rd6+ Kc7
34. Re6 Kd8 35. Rd6+ 1/2-1/2

[Event "Memorijal Danilo - Dajo Batricevic"]
[Site "Cetinje"]
[Date "2009.08.15"]
[Round "7.9"]
[White "Paulet, Iozefina"]
[Black "Miladinovic, Igor"]
[Result "1/2-1/2"]
[WhiteElo "2327"]
[BlackElo "2570"]
[PlyCount "35"]
[EventDate "2009.08.09"]
[EventRounds "9"]

1. e4 c5 2. Nf3 Nc6 3. d4 cxd4 4. Nxd4 Nf6 5. Nc3 g6 6. Be3 Bg7 7. f3 O-O 8.
Bc4 Qb6 9. Bb3 Nxe4 10. Nd5 Qa5+ 11. c3 Nc5 12. Nxc6 dxc6 13. Nxe7+ Kh8 14.
Nxc8 Raxc8 15. O-O Rcd8 16. Qc2 Qb5 17. Bxc5 Qxc5+ 18. Qf2 1/2-1/2

[Event "Memorijal Danilo - Dajo Batricevic"]
[Site "Cetinje"]
[Date "2009.08.15"]
[Round "7.10"]
[White "Mijovic, Stefan"]
[Black "Rajkovic, Dusan"]
[Result "1/2-1/2"]
[WhiteElo "2325"]
[BlackElo "2477"]
[PlyCount "38"]
[EventDate "2009.08.09"]
[EventRounds "9"]

1. e4 c5 2. Nf3 d6 3. d4 cxd4 4. Nxd4 Nf6 5. Nc3 e5 6. Bb5+ Nbd7 7. Nf5 a6 8.
Bxd7+ Qxd7 9. Ne3 Qc6 10. Ned5 Nxd5 11. Nxd5 Be6 12. O-O Rc8 13. c4 Be7 14. b3
b5 15. cxb5 Qxb5 16. Nxe7 Kxe7 17. Ba3 Rc6 18. Rc1 Rhc8 19. Qd2 f6 1/2-1/2

[Event "Memorijal Danilo - Dajo Batricevic"]
[Site "Cetinje"]
[Date "2009.08.15"]
[Round "7.11"]
[White "Vulevic, Vjekoslav"]
[Black "Kalezic, Blazo"]
[Result "1/2-1/2"]
[WhiteElo "2315"]
[BlackElo "2445"]
[PlyCount "93"]
[EventDate "2009.08.09"]
[EventRounds "9"]

1. Nf3 d5 2. g3 c6 3. Bg2 Bg4 4. O-O Nd7 5. d3 Ngf6 6. Nbd2 e5 7. e4 dxe4 8.
dxe4 Bc5 9. c3 a5 10. a4 O-O 11. Qe2 Re8 12. h3 Bh5 13. Rd1 Qc7 14. Nc4 Bf8 15.
Bg5 h6 16. Bxf6 Nxf6 17. g4 Bg6 18. Nh4 Bh7 19. Nf5 Nd7 20. Rxd7 Qxd7 21. Nb6
Qe6 22. Nxa8 Rxa8 23. Rd1 Bg6 24. Bf1 Rb8 25. Qc4 Qf6 26. Rd7 h5 27. Ne3 b6 28.
Nf5 hxg4 29. hxg4 Bc5 30. b4 axb4 31. cxb4 Bxf5 32. exf5 Bd4 33. Bg2 Rf8 34.
Qxc6 Qh4 35. Qc2 Qxg4 36. a5 bxa5 37. bxa5 g6 38. a6 gxf5 39. Qb3 f4 40. Rxd4
exd4 41. a7 Kg7 42. Qf3 Qe6 43. a8=Q Rxa8 44. Qxa8 Qe1+ 45. Bf1 d3 46. Qg2+ Kf8
47. Qa8+ 1/2-1/2

[Event "Memorijal Danilo - Dajo Batricevic"]
[Site "Cetinje"]
[Date "2009.08.15"]
[Round "7.12"]
[White "Boshku, Harallamb"]
[Black "Ivanovic, Bozidar"]
[Result "1/2-1/2"]
[WhiteElo "2309"]
[BlackElo "2415"]
[PlyCount "120"]
[EventDate "2009.08.09"]
[EventRounds "9"]

1. Nf3 d5 2. c4 Nf6 3. cxd5 Nxd5 4. d4 g6 5. e4 Nb6 6. h3 Bg7 7. Nc3 O-O 8. Be2
Nc6 9. Be3 Na5 10. O-O Nac4 11. Bc1 e5 12. Bg5 Qd6 13. dxe5 Qxd1 14. Raxd1 Nxe5
15. Nd4 Bd7 16. Nd5 Nxd5 17. exd5 c5 18. dxc6 Nxc6 19. Be3 Rfd8 20. Nxc6 Bxc6
21. Rxd8+ Rxd8 22. Rd1 Rxd1+ 23. Bxd1 a6 24. b3 f5 25. Be2 Bc3 26. Bc4+ Kg7 27.
Bb6 g5 28. f3 h5 29. Kf2 h4 30. Kf1 Kg6 31. Kf2 Be5 32. Kf1 Bf4 33. a4 Kf6 34.
Bd4+ Ke7 35. Bc5+ Kd7 36. Kf2 Bg3+ 37. Kg1 Bd6 38. Be3 Bf4 39. Bc5 Kc7 40. Kf2
Bg3+ 41. Kg1 Bd7 42. Bd5 Bd6 43. Be3 Bf4 44. Bc5 b6 45. Be7 Bc8 46. Kf2 Kd7 47.
Bb4 Bd6 48. Bd2 Bg3+ 49. Ke2 Kd6 50. Bc4 g4 51. fxg4 fxg4 52. hxg4 Bxg4+ 53.
Ke3 a5 54. b4 axb4 55. Bxb4+ Kc7 56. a5 bxa5 57. Bxa5+ Kd7 58. Be2 Be6 59. Bf3
h3 60. gxh3 Bxh3 1/2-1/2

[Event "Memorijal Danilo - Dajo Batricevic"]
[Site "Cetinje"]
[Date "2009.08.15"]
[Round "7.13"]
[White "Kontic, Djordjije"]
[Black "Ashiku, Franc"]
[Result "1-0"]
[WhiteElo "2364"]
[BlackElo "2041"]
[PlyCount "103"]
[EventDate "2009.08.09"]
[EventRounds "9"]

1. f4 d5 2. Nf3 g6 3. g3 Bg7 4. Bg2 Nd7 5. O-O c6 6. c3 Nh6 7. Kh1 Nf5 8. d3
Nf6 9. Qe1 d4 10. cxd4 Nxd4 11. Nxd4 Qxd4 12. Nd2 Bg4 13. Nc4 h5 14. h3 Be6 15.
Be3 Qd8 16. Qf2 a5 17. Kg1 Ra6 18. Rac1 Qc8 19. Nb6 Qd8 20. Na4 Ra8 21. Nc5 Bc8
22. Rc4 O-O 23. b3 Qd6 24. Ne4 Nxe4 25. dxe4 Be6 26. e5 Qd7 27. Rd4 Qc8 28. Kh2
f6 29. exf6 exf6 30. Rfd1 Qe8 31. Bc1 Qf7 32. e4 f5 33. e5 Rfe8 34. Ba3 a4 35.
bxa4 Bf8 36. Bxf8 Qxf8 37. Qb2 Re7 38. Qb6 Kh7 39. Rd8 Rxd8 40. Rxd8 Qf7 41. a3
Rd7 42. a5 Bc4 43. Rxd7 Qxd7 44. Qc5 Qe6 45. Qd6 Qf7 46. a6 bxa6 47. Qxc6 Kg7
48. a4 Qe6 49. Qxe6 Bxe6 50. a5 Bc4 51. Kg1 Kf7 52. Bf1 1-0

[Event "Memorijal Danilo - Dajo Batricevic"]
[Site "Cetinje"]
[Date "2009.08.15"]
[Round "7.14"]
[White "Budimir, Boris"]
[Black "Batricevic, Sasa"]
[Result "1/2-1/2"]
[WhiteElo "2352"]
[BlackElo "2287"]
[PlyCount "29"]
[EventDate "2009.08.09"]
[EventRounds "9"]

1. e4 c5 2. Nc3 Nc6 3. Nf3 e5 4. g3 g6 5. Bg2 d6 6. d3 h6 7. Nd5 Bg7 8. Be3
Nge7 9. Nxe7 Nxe7 10. c3 O-O 11. Qd2 Kh7 12. Ng1 Be6 13. Ne2 Rc8 14. O-O d5 15.
f3 1/2-1/2

[Event "Memorijal Danilo - Dajo Batricevic"]
[Site "Cetinje"]
[Date "2009.08.15"]
[Round "7.15"]
[White "Draganic, Veljko"]
[Black "Dabetic, Radojica"]
[Result "1/2-1/2"]
[WhiteElo "2278"]
[BlackElo "2340"]
[PlyCount "35"]
[EventDate "2009.08.09"]
[EventRounds "9"]

1. e4 c5 2. Nf3 d6 3. d4 cxd4 4. Nxd4 Nf6 5. Nc3 g6 6. Be3 Bg7 7. f3 Nc6 8. Qd2
O-O 9. Bc4 Bd7 10. O-O-O Rc8 11. Bb3 Ne5 12. Kb1 Re8 13. h4 h5 14. Bh6 Qa5 15.
Nde2 Bh8 16. Nf4 Nc4 17. Bxc4 Rxc4 18. Ncd5 1/2-1/2

[Event "Memorijal Danilo - Dajo Batricevic"]
[Site "Cetinje"]
[Date "2009.08.15"]
[Round "7.16"]
[White "Batricevic, Jovo"]
[Black "Stojanovic, Dalibor"]
[Result "0-1"]
[WhiteElo "2184"]
[BlackElo "2471"]
[PlyCount "66"]
[EventDate "2009.08.09"]
[EventRounds "9"]

1. d4 g6 2. e4 Bg7 3. Nc3 c5 4. Be3 Qa5 5. Bc4 Nc6 6. Bd2 cxd4 7. Nd5 Qd8 8.
Nf3 e6 9. O-O d6 10. Bb5 a6 11. Bxc6+ bxc6 12. Nf4 e5 13. Nd3 Nf6 14. c3 dxc3
15. Bxc3 Nxe4 16. Qa4 Nxc3 17. Qxc6+ Bd7 18. Qxc3 O-O 19. Nb4 e4 20. Nd4 Rc8
21. Qd2 Rc4 22. Nb3 a5 23. Nd5 a4 24. Ne3 Rc8 25. Na5 Be6 26. Rac1 Rxc1 27.
Rxc1 Bxa2 28. Rc6 Qb8 29. Nac4 Bxc4 30. Nxc4 Qb5 31. Qxd6 Bxb2 32. g3 a3 33.
Ne3 a2 0-1

[Event "Memorijal Danilo - Dajo Batricevic"]
[Site "Cetinje"]
[Date "2009.08.15"]
[Round "7.17"]
[White "Nikac, Predrag"]
[Black "Bajkovic, Nikola"]
[Result "1-0"]
[WhiteElo "2361"]
[BlackElo "2143"]
[PlyCount "95"]
[EventDate "2009.08.09"]
[EventRounds "9"]

1. e4 c5 2. Nf3 d6 3. d4 cxd4 4. Nxd4 Nf6 5. Nc3 a6 6. f4 e5 7. Nf3 Qc7 8. Bd3
Nbd7 9. O-O b5 10. Qe1 Bb7 11. fxe5 dxe5 12. Nh4 g6 13. Bg5 Bg7 14. a4 bxa4 15.
Nxa4 O-O 16. Qe2 Nh5 17. Be7 Nf4 18. Qe1 Rfe8 19. Ba3 Bf8 20. Qg3 Kh8 21. Nf3
f6 22. Kh1 Bc6 23. Nc3 Qb7 24. Nd2 Bxa3 25. Rxa3 Nc5 26. Qe3 Qe7 27. Bc4 f5 28.
Ra5 Nxe4 29. Ndxe4 fxe4 30. g3 Nh3 31. Rc5 Rac8 32. Bxa6 Rf8 33. Rxf8+ Qxf8 34.
Kg2 Rc7 35. Nd5 Bb5 36. Bxb5 Qxc5 37. Qxc5 Rxc5 38. c4 Ng5 39. b4 Rc8 40. c5
Ra8 41. Bc4 Ne6 42. Nb6 Re8 43. Bxe6 Rxe6 44. b5 Rf6 45. Nd5 Rf8 46. c6 Kg7 47.
b6 Kf7 48. c7 1-0

[Event "Memorijal Danilo - Dajo Batricevic"]
[Site "Cetinje"]
[Date "2009.08.15"]
[Round "7.18"]
[White "Vujacic, Borivoje"]
[Black "Jokic, Miodrag"]
[Result "1-0"]
[WhiteElo "2315"]
[BlackElo "2138"]
[PlyCount "81"]
[EventDate "2009.08.09"]
[EventRounds "9"]

1. e4 c5 2. Nf3 Nc6 3. d4 cxd4 4. Nxd4 e5 5. Nb5 d6 6. N1c3 a6 7. Na3 b5 8. Nd5
Nf6 9. Bg5 Be7 10. Bxf6 Bxf6 11. c3 Ne7 12. Nxf6+ gxf6 13. Nc2 Bb7 14. Bd3 d5
15. exd5 Qxd5 16. Ne3 Qe6 17. Qc2 e4 18. Be2 f5 19. g3 h5 20. h4 Nd5 21. Qd2
Rd8 22. Nxd5 Bxd5 23. O-O-O e3 24. fxe3 Ke7 25. e4 fxe4 26. Qg5+ f6 27. Qe3 Qc6
28. Rd4 Qc7 29. Rf1 Qe5 30. Rf4 f5 31. Rd1 Rd6 32. Qc5 Ke6 33. Rdf1 Rc6 34. Qe3
Rf8 35. g4 hxg4 36. Bxg4 Kd6 37. Rxf5 Rxf5 38. Rxf5 Qh2 39. Qd4 Qh1+ 40. Bd1 e3
41. Rxd5+ 1-0

[Event "Memorijal Danilo - Dajo Batricevic"]
[Site "Cetinje"]
[Date "2009.08.15"]
[Round "7.19"]
[White "Kraljevic, Ivan"]
[Black "Brajovic, Radovan"]
[Result "1-0"]
[WhiteElo "2130"]
[BlackElo "2245"]
[PlyCount "143"]
[EventDate "2009.08.09"]
[EventRounds "9"]

1. d4 Nf6 2. Nc3 c5 3. d5 e5 4. e4 d6 5. Bb5+ Bd7 6. Bxd7+ Nbxd7 7. Nge2 a6 8.
a4 b6 9. O-O Be7 10. Ng3 h6 11. Nf5 Bf8 12. f4 g6 13. Ng3 Bg7 14. f5 g5 15. Qe2
Qc7 16. b3 O-O 17. Be3 Rfc8 18. Rfb1 Qd8 19. Nd1 Qe8 20. c4 a5 21. Nc3 Qe7 22.
Nb5 Kh7 23. Kf2 Rh8 24. Rh1 Kg8 25. h4 gxh4 26. Rxh4 Nxd5 27. Rh2 Nxe3 28. Qxe3
Nf6 29. Qe2 Rd8 30. Rd1 Kf8 31. Rh3 Rd7 32. Nh5 Nxh5 33. Qxh5 Ke8 34. Rhd3 Bf8
35. Nxd6+ Rxd6 36. Rxd6 Qxd6 37. Rxd6 Bxd6 38. f6 Rg8 39. Qxh6 Rg4 40. Qh8+ Bf8
41. Kf3 Rg6 42. Qh4 Bh6 43. g4 Kf8 44. g5 Bxg5 45. Qh8+ Rg8 46. Qh3 Bxf6 47.
Qc8+ Kg7 48. Qc7 Rh8 49. Qxb6 Rh3+ 50. Kg4 Re3 51. Qxc5 Rxe4+ 52. Kf3 Rf4+ 53.
Ke3 Rh4 54. Qxa5 Bg5+ 55. Ke2 f6 56. Qc7+ Kg6 57. a5 Rh2+ 58. Kf1 Ra2 59. c5 e4
60. Qe7 Kf5 61. Qd7+ Kf4 62. Qd4 Kf3 63. Qd1+ Kg3 64. Qe1+ Kf3 65. c6 Bf4 66.
c7 Rh2 67. Qxe4+ Kxe4 68. c8=Q Rh1+ 69. Kg2 Rc1 70. Qe6+ Be5 71. a6 f5 72. a7
1-0

[Event "Memorijal Danilo - Dajo Batricevic"]
[Site "Cetinje"]
[Date "2009.08.15"]
[Round "7.20"]
[White "Padurariu, Ioana-Smaranda"]
[Black "Draskovic, Luka"]
[Result "1/2-1/2"]
[WhiteElo "2238"]
[BlackElo "2079"]
[PlyCount "41"]
[EventDate "2009.08.09"]
[EventRounds "9"]

1. e4 c5 2. Nc3 d6 3. f4 Nc6 4. Nf3 g6 5. Bb5 Bd7 6. O-O Bg7 7. d3 a6 8. Bxc6
Bxc6 9. Qe1 Qd7 10. Nd5 Bxd5 11. exd5 Nf6 12. c4 O-O 13. Bd2 Rfe8 14. Bc3 Nh5
15. Ng5 Bxc3 16. Qxc3 h6 17. Ne4 f5 18. Ng3 Nxg3 19. hxg3 e6 20. dxe6 Rxe6 21.
Rae1 1/2-1/2

[Event "Memorijal Danilo - Dajo Batricevic"]
[Site "Cetinje"]
[Date "2009.08.15"]
[Round "7.21"]
[White "Pecurica, Milos"]
[Black "Popovic, Mladen"]
[Result "1/2-1/2"]
[WhiteElo "2010"]
[BlackElo "2190"]
[PlyCount "71"]
[EventDate "2009.08.09"]
[EventRounds "9"]

1. d4 Nf6 2. c4 c5 3. d5 b5 4. cxb5 a6 5. bxa6 Bxa6 6. Nc3 d6 7. e4 Qa5 8. Bxa6
Nxa6 9. Qe2 g6 10. Nf3 Bg7 11. O-O O-O 12. Nd2 Rfb8 13. a4 Nd7 14. Nc4 Qb4 15.
Bg5 Kf8 16. Nb5 Nb6 17. Nxb6 Rxb6 18. Rfb1 Qa5 19. Ra3 Rb7 20. Qg4 Qb4 21. Qh4
f6 22. Bh6 g5 23. Bxg7+ Kxg7 24. Qg4 Qd2 25. h4 Nb4 26. hxg5 fxg5 27. Rh3 Qf4
28. Qe6 Qf6 29. Qxf6+ Kxf6 30. Rxh7 Kg6 31. Rh3 Rxa4 32. Nc3 Ra8 33. Rg3 Kf6
34. Rf3+ Kg6 35. Nd1 Nc2 36. Rc3 1/2-1/2

[Event "Memorijal Danilo - Dajo Batricevic"]
[Site "Cetinje"]
[Date "2009.08.15"]
[Round "7.22"]
[White "Bukvic, Mihailo"]
[Black "Lekic, Lazar"]
[Result "1/2-1/2"]
[WhiteElo "2223"]
[BlackElo "1755"]
[PlyCount "58"]
[EventDate "2009.08.09"]
[EventRounds "9"]

1. e4 c5 2. Nf3 e6 3. d4 cxd4 4. Nxd4 a6 5. Bd3 Bc5 6. Nb3 Be7 7. O-O d6 8. a4
b6 9. f4 Nd7 10. Be3 Qc7 11. N1d2 Ngf6 12. h3 Bb7 13. Qe2 O-O 14. Qf2 Nc5 15.
Nxc5 bxc5 16. Qg3 c4 17. Nxc4 Nxe4 18. Qe1 Nc5 19. Be2 a5 20. b3 Ba6 21. Bd2
Bxc4 22. Bxc4 d5 23. Bb5 Ne4 24. c4 Nxd2 25. Qxd2 dxc4 26. Bxc4 Rfd8 27. Qe2
Bb4 28. Qf3 g6 29. Rad1 Rxd1 1/2-1/2

[Event "Memorijal Danilo - Dajo Batricevic"]
[Site "Cetinje"]
[Date "2009.08.15"]
[Round "7.24"]
[White "Markovic, Danko"]
[Black "Durutovic, Dragutin"]
[Result "0-1"]
[WhiteElo "1946"]
[BlackElo "2116"]
[PlyCount "92"]
[EventDate "2009.08.09"]
[EventRounds "9"]

1. e4 e5 2. Nf3 Nc6 3. Bc4 Bc5 4. c3 Nf6 5. b4 Bb6 6. d3 h6 7. a4 a6 8. Ba3 d6
9. h3 O-O 10. O-O Ne7 11. Re1 Ng6 12. d4 Re8 13. Nbd2 c6 14. Bb3 Be6 15. Bb2
Qc7 16. Rc1 Rad8 17. Qc2 Nh5 18. c4 Qd7 19. c5 Bxh3 20. Nh2 Ngf4 21. Re3 exd4
22. Rxh3 Nxh3+ 23. Kf1 dxc5 24. bxc5 Bc7 25. Ndf3 d3 26. Qc4 N3f4 27. Rd1 Qe6
28. e5 Qxc4 29. Bxc4 Ne6 30. Ng4 Nxc5 31. Ne3 Nf4 32. g3 Nfe6 33. Nf5 Nxa4 34.
Ba1 Nac5 35. g4 b5 36. Ba2 Ne4 37. N3d4 c5 38. Nc6 Rd7 39. Nh4 c4 40. f3 N4g5
41. Bc3 Nf4 42. Bd2 Ne2 43. f4 Ne4 44. Nf3 Re6 45. Nb4 Nxd2+ 46. Nxd2 Nxf4 0-1

[Event "Memorijal Danilo - Dajo Batricevic"]
[Site "Cetinje"]
[Date "2009.08.15"]
[Round "7.25"]
[White "Jefic, Srdjan"]
[Black "Ljubisa, Mitar"]
[Result "1/2-1/2"]
[WhiteElo "2108"]
[BlackElo "1964"]
[PlyCount "117"]
[EventDate "2009.08.09"]
[EventRounds "9"]

1. e4 c5 2. Nc3 g6 3. f4 Bg7 4. Nf3 Nc6 5. g3 e6 6. Bg2 Nge7 7. d3 O-O 8. O-O
d6 9. g4 f5 10. h3 Nd4 11. Ne2 Nec6 12. c3 Nxf3+ 13. Rxf3 b5 14. gxf5 exf5 15.
Qb3+ Kh8 16. Qxb5 Bd7 17. Qb3 Qe7 18. Ng3 a5 19. a4 Qh4 20. exf5 Bxf5 21. Nxf5
gxf5 22. Bd2 Ne7 23. Qe6 Nc8 24. Re1 Ra7 25. Qd5 Ra6 26. Re2 Rb6 27. Rfe3 Rxb2
28. Re8 Rxd2 29. Rxf8+ Bxf8 30. Rxd2 Qe1+ 31. Kh2 Qxd2 32. Qxf5 Kg7 33. Qg5+
Kf7 34. Qf5+ Ke7 35. Qxc8 Qxf4+ 36. Kg1 Qe3+ 37. Kh1 Qe1+ 38. Kh2 Qxc3 39. Qc7+
Kf6 40. Qd8+ Kg7 41. Qd7+ Kh8 42. Qf7 Qe5+ 43. Kh1 Qe1+ 44. Kh2 Bg7 45. Qf1
Be5+ 46. Kh1 Qxf1+ 47. Bxf1 Kg7 48. Kg2 Kf6 49. Kf3 Ke6 50. Ke4 d5+ 51. Ke3 Bb2
52. Bg2 Bc1+ 53. Ke2 Ke5 54. Kd1 Bg5 55. Kc2 Kd4 56. Bf3 h6 57. Bg4 c4 58. dxc4
Kxc4 59. Bd7 1/2-1/2

[Event "Memorijal Danilo - Dajo Batricevic"]
[Site "Cetinje"]
[Date "2009.08.15"]
[Round "7.26"]
[White "Potpara, Nikola"]
[Black "Vukcevic, Nemanja"]
[Result "0-1"]
[WhiteElo "1838"]
[BlackElo "1996"]
[PlyCount "62"]
[EventDate "2009.08.09"]
[EventRounds "9"]

1. d4 Nf6 2. c4 g6 3. Nc3 d5 4. cxd5 Nxd5 5. e4 Nxc3 6. bxc3 Bg7 7. Be3 c5 8.
Qd2 Qa5 9. Rc1 O-O 10. Nf3 Bg4 11. Ng5 cxd4 12. cxd4 Qxd2+ 13. Kxd2 Nc6 14. h3
Bc8 15. d5 Rd8 16. Ke1 Na5 17. Nf3 f5 18. e5 Rxd5 19. Rc5 Be6 20. Rc7 Rad8 21.
Be2 R5d7 22. Rxd7 Rxd7 23. a4 Nc4 24. Bxc4 Bxc4 25. Bxa7 b5 26. Bd4 bxa4 27.
Kd2 Bd5 28. Kc3 e6 29. Ra1 Bb3 30. Bc5 Bd5 31. Bd6 Rxd6 0-1

[Event "Memorijal Danilo - Dajo Batricevic"]
[Site "Cetinje"]
[Date "2009.08.15"]
[Round "7.27"]
[White "Pobor, Nebojsa"]
[Black "Batricevic, Bozo"]
[Result "1-0"]
[WhiteElo "2069"]
[BlackElo "1772"]
[PlyCount "99"]
[EventDate "2009.08.09"]
[EventRounds "9"]

1. d4 Nf6 2. Nf3 c5 3. d5 e6 4. c4 exd5 5. cxd5 d6 6. Nc3 g6 7. e4 Bg7 8. h3
O-O 9. Bd3 Re8 10. O-O Na6 11. Bg5 Nb4 12. Bb1 a5 13. a3 Na6 14. Qd2 c4 15. Nd4
Nc5 16. Bc2 a4 17. Rae1 h6 18. Bxh6 Bxh6 19. Qxh6 Re5 20. Qe3 Nb3 21. f4 Rh5
22. f5 Nxd4 23. Qxd4 Bd7 24. fxg6 Re5 25. gxf7+ Kxf7 26. Rf3 Qe7 27. Ref1 Rg8
28. Rxf6+ Qxf6 29. Rxf6+ Kxf6 30. Kh2 b5 31. Ne2 Ke7 32. Ng1 Reg5 33. Qf2 Kd8
34. Nf3 R5g7 35. Nd4 Kc7 36. Nf5 Bxf5 37. exf5 Kb7 38. g4 Ka6 39. Bd1 Rc7 40.
Qd4 c3 41. bxc3 Rgc8 42. Be2 Rxc3 43. Qxa4+ Kb6 44. Qxb5+ Kc7 45. f6 Rc5 46.
Qd3 Kd8 47. Qe4 R5c7 48. g5 Rf7 49. Bh5 Rh7 50. Qxh7 1-0

[Event "Memorijal Danilo - Dajo Batricevic"]
[Site "Cetinje"]
[Date "2009.08.15"]
[Round "7.28"]
[White "Jovancevic, Jovan"]
[Black "Mrvaljevic, Veselin"]
[Result "1-0"]
[WhiteElo "1887"]
[BlackElo "2031"]
[PlyCount "117"]
[EventDate "2009.08.09"]
[EventRounds "9"]

1. d4 c5 2. d5 d6 3. c4 g6 4. Nc3 Bg7 5. e4 Nf6 6. Bg5 h6 7. Bh4 Qb6 8. Qc2 O-O
9. Bd3 Nbd7 10. f4 Ng4 11. Qe2 Re8 12. Rc1 Nf8 13. Nf3 e6 14. h3 Nf6 15. Bxf6
Bxf6 16. e5 Bg7 17. O-O exd5 18. Nxd5 Qd8 19. Rcd1 dxe5 20. Nxe5 Ne6 21. Qf2
Nd4 22. b4 b6 23. Be4 Rb8 24. Ne3 f6 25. Nc6 Qc7 26. Bd5+ Kh7 27. Nxb8 Qxb8 28.
Kh1 f5 29. bxc5 bxc5 30. Rde1 Ba6 31. Nd1 h5 32. Qg3 Rxe1 33. Rxe1 Qd6 34. Re8
Bh6 35. Qh4 Bxf4 36. Qe7+ Qxe7 37. Rxe7+ Kh6 38. Rxa7 Bc8 39. Nc3 h4 40. Kg1
Bd2 41. Nb5 f4 42. Nxd4 cxd4 43. Re7 Be3+ 44. Kf1 Bf5 45. Be4 Bc8 46. Ke2 Ba6
47. Kd3 Bc8 48. Rc7 Be6 49. a4 Bc1 50. a5 Ba3 51. a6 f3 52. gxf3 Bd6 53. Rc6
Bb8 54. Rxe6 Kh5 55. a7 Bxa7 56. f4 Bc5 57. Rxg6 Bb4 58. f5 Bd2 59. Bf3# 1-0

[Event "Memorijal Danilo - Dajo Batricevic"]
[Site "Cetinje"]
[Date "2009.08.16"]
[Round "8.1"]
[White "Nikolov, Momchil"]
[Black "Bojkov, Dejan"]
[Result "1/2-1/2"]
[WhiteElo "2517"]
[BlackElo "2521"]
[PlyCount "24"]
[EventDate "2009.08.09"]
[EventRounds "9"]

1. d4 d5 2. c4 c6 3. cxd5 cxd5 4. Nc3 Nc6 5. Nf3 Nf6 6. Bf4 Bf5 7. Rc1 e6 8. e3
Bd6 9. Bxd6 Qxd6 10. Bd3 Bxd3 11. Qxd3 O-O 12. O-O Rfc8 1/2-1/2

[Event "Memorijal Danilo - Dajo Batricevic"]
[Site "Cetinje"]
[Date "2009.08.16"]
[Round "8.2"]
[White "Blagojevic, Dragisa"]
[Black "Miron, Lucian-Costin"]
[Result "1-0"]
[WhiteElo "2545"]
[BlackElo "2479"]
[PlyCount "127"]
[EventDate "2009.08.09"]
[EventRounds "9"]

1. d4 d5 2. c4 e6 3. Nc3 c6 4. e4 dxe4 5. Nxe4 Bb4+ 6. Bd2 Qxd4 7. Bxb4 Qxe4+
8. Ne2 Ne7 9. Qd2 Nd7 10. Bxe7 Kxe7 11. Qg5+ Nf6 12. Qc5+ Ke8 13. O-O-O Nd7 14.
Qg5 Qe5 15. Qd2 Ke7 16. f4 Qc7 17. Nd4 Nf6 18. Be2 Rd8 19. Qe3 Kf8 20. Nf3 Bd7
21. Ne5 c5 22. g4 Be8 23. g5 Ng8 24. Bd3 f6 25. Nf3 Bg6 26. Bxg6 hxg6 27. Rhe1
Rxd1+ 28. Kxd1 Rd8+ 29. Kc2 Qd6 30. b3 Kf7 31. Qe4 Ne7 32. h4 Qc6 33. Qe2 Nf5
34. Kb1 Qd6 35. gxf6 gxf6 36. Kb2 Nd4 37. Nxd4 Qxd4+ 38. Kc2 Rd6 39. h5 Qxf4
40. hxg6+ Kg7 41. Qg2 Qg5 42. Qxb7+ Kxg6 43. Re2 Qh5 44. Rg2+ Kf5 45. Kb2 Kf4
46. Ka3 Qf3 47. Qc7 Qxg2 48. Qxd6+ Kf5 49. Qxc5+ e5 50. Qc8+ Kf4 51. c5 Qd2 52.
Qc7 a5 53. Qd6 Qb4+ 54. Kb2 Ke3 55. a3 Qb5 56. c6 a4 57. b4 Qe2+ 58. Kc3 Qf1
59. Qd2+ Ke4 60. c7 Qh3+ 61. Kc4 Qc8 62. Qd8 Qa6+ 63. b5 Qe6+ 64. Kc5 1-0

[Event "Memorijal Danilo - Dajo Batricevic"]
[Site "Cetinje"]
[Date "2009.08.16"]
[Round "8.3"]
[White "Dumpor, Atif"]
[Black "Iotov, Valentin"]
[Result "1-0"]
[WhiteElo "2404"]
[BlackElo "2603"]
[PlyCount "115"]
[EventDate "2009.08.09"]
[EventRounds "9"]

1. Nf3 c5 2. c4 Nc6 3. Nc3 g6 4. g3 Bg7 5. Bg2 b6 6. O-O Bb7 7. e3 Nh6 8. d4
cxd4 9. Nxd4 O-O 10. b3 Nf5 11. Nxc6 Bxc6 12. Bb2 Bxg2 13. Kxg2 Qc8 14. Qe2
Qc6+ 15. Qf3 Rfc8 16. Rac1 Qxf3+ 17. Kxf3 Kf8 18. Rfd1 Ke8 19. g4 Nd6 20. Ba3
Nb7 21. Nd5 d6 22. Bb4 Nc5 23. g5 Kd7 24. h4 Rab8 25. Bc3 Bxc3 26. Rxc3 h6 27.
gxh6 Rh8 28. b4 Ne6 29. h7 Ke8 30. h5 g5 31. Kg4 Rxh7 32. f4 gxf4 33. exf4 Rh6
34. f5 Ng7 35. Re1 e6 36. fxe6 Nxe6 37. Ra3 Rb7 38. Ne3 Rc7 39. Nf5 Rf6 40.
Nxd6+ Kd7 41. Rd1 Ke7 42. Rf3 Rxf3 43. Kxf3 a5 44. a3 axb4 45. axb4 Rc6 46.
Nf5+ Kf6 47. Ne3 Nc7 48. b5 Rc5 49. Rd6+ Ke7 50. Rh6 Ne6 51. Ke4 Kd6 52. Rh8
Re5+ 53. Kf3 f5 54. Nd5 Re4 55. Nxb6 Nd4+ 56. Kf2 f4 57. h6 Kc5 58. h7 1-0

[Event "Memorijal Danilo - Dajo Batricevic"]
[Site "Cetinje"]
[Date "2009.08.16"]
[Round "8.4"]
[White "Galic, Ivan"]
[Black "Djukic, Nikola"]
[Result "0-1"]
[WhiteElo "2349"]
[BlackElo "2491"]
[PlyCount "100"]
[EventDate "2009.08.09"]
[EventRounds "9"]

1. c4 g6 2. g3 Bg7 3. Bg2 Nf6 4. Nc3 c5 5. e3 O-O 6. Nge2 d6 7. O-O Nbd7 8. d4
Rb8 9. dxc5 Nxc5 10. Nd4 Bg4 11. Qc2 Qd7 12. Re1 Bh3 13. Bh1 e5 14. Nb3 Rfc8
15. Nxc5 Rxc5 16. Qd3 Rbc8 17. b3 e4 18. Qd2 d5 19. Ba3 dxc4 20. Qxd7 Nxd7 21.
Bxc5 Bxc3 22. Bd4 Bxe1 23. Rxe1 cxb3 24. axb3 Bf5 25. h3 b6 26. b4 Bxh3 27.
Bxe4 Be6 28. Ra1 Rc7 29. f3 f6 30. g4 Kf7 31. Kf2 Nf8 32. Kg3 Bc4 33. Rh1 Rd7
34. Bc6 Rd6 35. Bb7 Bd5 36. Ba6 Rd7 37. Bb5 Rc7 38. e4 Bb7 39. e5 a6 40. Bxb6
Rc3 41. e6+ Kxe6 42. Be2 Bc6 43. Bd4 Ra3 44. Bc5 Nd7 45. Rxh7 Nxc5 46. bxc5 a5
47. g5 Rc3 48. gxf6 Kxf6 49. Rc7 Rxc5 50. Bb5 Rg5+ 0-1

[Event "Memorijal Danilo - Dajo Batricevic"]
[Site "Cetinje"]
[Date "2009.08.16"]
[Round "8.5"]
[White "Kosic, Dragan"]
[Black "Cebalo, Miso"]
[Result "1/2-1/2"]
[WhiteElo "2488"]
[BlackElo "2476"]
[PlyCount "53"]
[EventDate "2009.08.09"]
[EventRounds "9"]

1. d4 Nf6 2. Nf3 e6 3. e3 c5 4. Bd3 d6 5. O-O Nbd7 6. Nbd2 b6 7. c3 Bb7 8. e4
cxd4 9. cxd4 a6 10. Re1 Be7 11. Nf1 O-O 12. Ng3 Re8 13. Bd2 g6 14. h3 Bf8 15.
Bg5 h6 16. Be3 e5 17. Qd2 Kh7 18. Rad1 Rc8 19. Bb1 Qc7 20. a3 b5 21. Rc1 Qb8
22. dxe5 Nxe5 23. Nxe5 dxe5 24. Ba2 Red8 25. Qa5 Kg7 26. f3 Qd6 27. Rxc8
1/2-1/2

[Event "Memorijal Danilo - Dajo Batricevic"]
[Site "Cetinje"]
[Date "2009.08.16"]
[Round "8.6"]
[White "Kovacevic, Aleksandar"]
[Black "Kontic, Djordjije"]
[Result "1-0"]
[WhiteElo "2575"]
[BlackElo "2364"]
[PlyCount "57"]
[EventDate "2009.08.09"]
[EventRounds "9"]

1. e4 e6 2. d4 c5 3. Nf3 a6 4. c4 cxd4 5. Nxd4 Nf6 6. Nc3 Bb4 7. Qd3 Qc7 8. a3
Bxc3+ 9. Qxc3 Nxe4 10. Nb5 axb5 11. Qxg7 Rf8 12. Bh6 Qc5 13. f3 bxc4 14. Bxc4
d5 15. Bb5+ Bd7 16. Rc1 Qxc1+ 17. Bxc1 Bxb5 18. Bh6 Nd7 19. fxe4 Ra4 20. exd5
Re4+ 21. Kd1 Re5 22. d6 Rd5+ 23. Kc1 Rxd6 24. Rd1 Bd3 25. Qg3 Nc5 26. b4 Ne4
27. Qg7 Rc6+ 28. Kb2 Rc2+ 29. Ka1 1-0